| 000 | 00920cam a2200217 a 4500 | ||
|---|---|---|---|
| 001 | 000013630 | ||
| 005 | 20240425141955.0 | ||
| 008 | 751022s1963 cl a 000 0 spa d | ||
| 040 |
_aDO-SdBNP _bspa _cBNPHU |
||
| 082 |
_a335.82983 _bB275t |
||
| 100 | 1 |
_aBarría Serón, Jorge I. _931034 |
|
| 245 | 1 | 0 |
_aTrayectoria y estructura del movimiento sindical chileno, 1946-1962 / _cJorge I. Barría Serón. |
| 260 |
_aSantiago de Chile : _bInstituto de Organización y Administración, _c1963. |
||
| 300 |
_axvi, 397 p. ; _c21 cm. |
||
| 500 | _aEn la cubierta: Instituto de Organización y Administración (INSORA) Departamento de Relaciones Laborales, Facultad de Ciencias Económicas, Universidad de Chile. | ||
| 504 | _aBibliografía: p. 391-397. | ||
| 650 | 4 |
_aSindicalismo _zChile _931035 |
|
| 650 | 0 |
_aSindicatos _931036 |
|
| 710 | 1 |
_aINSORA (Instituto). _bDepartamento de Relaciones Laborales. _931037 |
|
| 049 | _aBNGR | ||
| 999 |
_c13244 _d13244 |
||